000 02090cam a22004574a 4500
999 _c58302
_d58302
001 12388263
005 20211101175032.0
008 010423s2001 enk b 001 0 eng
010 _a 2001033418
020 _a0471495174 (alk. paper)
040 _aDLC
_cDLC
_dDLC
041 _aeng
042 _apcc
050 0 0 _aQ325.5
_b.M36 2001
080 _a00+620.3+53+577 M-15
082 0 0 _221
100 1 _aMandic, Danilo P.
_912784
245 1 0 _aRecurrent neural networks for prediction :
_blearning algorithms, architectures, and stability /
_cDanilo P. Mandic, Jonathon A. Chambers.
260 _aChichester ;
_aNew York :
_bJohn Wiley,
_cc2001.
300 _axxi, 285 p. :
_bill. ;
_c26 cm.
490 1 _aWiley series in adaptive and learning systems for signal processing, communications, and control
504 _aIncludes bibliographical references (p. [267]-280) and index.
650 0 _aMachine learning.
_912785
650 0 _aNeural networks (Computer science)
_912786
653 _aRecurrent neural Networks for prediction
653 _aსაინჟინრო საქმე
653 _aსაინფორმაციო ტექნოლოგიები
653 _aფიზიკა
653 _aმოლეკულური ბიოლოგია
653 _aМолекулярная биология
653 _aФизика
653 _aИнженерное дело
653 _aИнформационные технологии
700 1 _aChambers, Jonathon A.
_912787
830 0 _aAdaptive and learning systems for signal processing, communications, and control.
_912788
856 4 2 _3Publisher description
_uhttp://www.loc.gov/catdir/description/wiley035/2001033418.html
856 4 _3Table of Contents
_uhttp://www.loc.gov/catdir/toc/onix06/2001033418.html
906 _a7
_bcbc
_corignew
_d1
_eocip
_f20
_gy-gencatlg
942 _2udc
_cBK
955 _ato ASCD pc05 04-23-01; jp25 04-25-01 to subj; jp99 to SL 04-26-01; jp85 to Dewey 04-28-01; aa01 04-30-01
_aps16 2001-10-10 bk rec'd, to CIP ver.
_ajp00 2001-10-15